000 01238nam a2200265 i 4500
001 bg
100 1 _aWIELEBA, Wojciech
245 1 0 _aAnaliza procesów tribologicznych zachodzących podczas współpracy kompozytów PTFE ze stalą /
_cWojciech Wieleba.
260 _aWrocław :
_bOficyna Wydawnicza PW,
_c2002.
300 _a150 s. :
_bil. ;
_c24 cm.
490 1 _aPrace Naukowe Instytutu Konstrukcji i Eksploatacji Maszyn Politechniki Wrocławskiej. Monografie =
_aScientific Papers of the Institute of Machine Design and Operation of the Wrocław University of Technology. Monographs,
_x0324-962X ;
_v30
500 _aTyt. równol.: The analysis of tribological processes proceeding in PTFE composites sliding against steel. Nr serii gł.: 84. - Streszcz. ang.
504 _aBibliogr.
650 9 _aAnaliza numeryczna
_xstosowanie
650 9 _aKompozyty
_xmechanika
650 9 _aStal
_xmechanika
650 9 _aTeflon
_xmechanika
650 9 _aTrybologia
830 0 _aPrace Naukowe Instytutu Konstrukcji i Eksploatacji Maszyn Politechniki Wrocławskiej.
_pMonografie ;
_v30
040 _cBPK
041 0 _apol
_beng
080 _a621.01:678.7:669.1:536:519.61/.64
942 _cKS
008 s pl f |000 0 pol
999 _c42469
_d42469
856 _uhttp://koha.tu.koszalin.pl/cgi-bin/koha/opac-detail.pl?biblionumber=42469
_yKatalog online BPK